| 000 | 00545nam a22001457a 4500 | ||
|---|---|---|---|
| 003 | macl | ||
| 005 | 20171224130718.0 | ||
| 008 | 171224b xxu||||| |||| 00| 0 eng d | ||
| 040 | _cmacl | ||
| 100 |
_aजैन महावीर सरन _948474 |
||
| 245 | _aभारत की भाषाऍं एवं भाषिक एकता तथा हिन्दी | ||
| 260 |
_aइलाहाबाद _bलौकभारती प्रकाशन _c2016 |
||
| 650 |
_aभाषा विज्ञान _950429 |
||
| 942 |
_2ddc _cHIN |
||
| 999 |
_c57228 _d57228 |
||